El folklore y la cultura de masas en Costa Rica
Tallennettuna:
| Päätekijä: | |
|---|---|
| Aineistotyyppi: | Kirja |
| Kieli: | Spanish |
| Julkaistu: |
Heredia, Costa Rica
Universidad Nacional
1986
|
| Aiheet: | |
| Tagit: |
Lisää tagi
Ei tageja, Lisää ensimmäinen tagi!
|
MARC
| LEADER | 00000nam a2200000Ia 4500 | ||
|---|---|---|---|
| 008 | 170316s9999 xx 000 0 spa d | ||
| 040 | |a cru BVZT | ||
| 090 | |a 898 M-1f | ||
| 100 | |a Molina, Nory, ML.; Chang, Guiselle, Lic.; Soley, Rosa, Bach. | ||
| 245 | |a El folklore y la cultura de masas en Costa Rica | ||
| 260 | |a Heredia, Costa Rica | ||
| 260 | |b Universidad Nacional | ||
| 260 | |c 1986 | ||
| 300 | |a 221 páginas | ||
| 650 | |a LITERATURA FOLCLÓRICA | ||
| 942 | |c 15 D | ||
| 999 | |c 12166 |d 12166 | ||
